| 000 | 00359pab a2200157 454500 | ||
|---|---|---|---|
| 008 | 180718b1998 xxu||||| |||| 00| 0 eng d | ||
| 100 | _aJeevan Reddy, B.P. | ||
| 245 | _aElections: an agenda for reform | ||
| 260 | _c1998 | ||
| 300 | _ap.13 | ||
| 362 | _a13 May | ||
| 650 | _aElections - India | ||
| 650 | _aElections | ||
| 773 | _aHindu | ||
| 909 | _a38490 | ||
| 999 |
_c38490 _d38490 |
||